LEADER 00899cam0 2200277 450 001 E600200043505 005 20200722114324.0 100 $a20081219d1968 |||||ita|0103 ba 101 $afre 102 $aFR 200 1 $a<>Grand Nord$fPaul Del Perugia 205 $a2.éd.revue 210 $aParis$cPresses Universitaires de France$d1968 215 $a126 p.$cill.$d17 cm 225 2 $aQue sais-je?$v512 410 1$1001LAEC00016182$12001 $a*Que sais-je?$v512 700 1$aDel Perugia$b, Paul$3A600200051618$4070$0129546 801 0$aIT$bUNISOB$c20200722$gRICA 850 $aUNISOB 852 $aUNISOB$j910|Coll|3|K$m14391 912 $aE600200043505 940 $aM 102 Monografia moderna SBN 941 $aM 957 $a910|Coll|3|K$b000022$gSi$d14391$racquisto$1catenacci$2UNISOB$3UNISOB$420081219100139.0$520200722114313.0$6Spinosa 996 $aGrand Nord$9304416 997 $aUNISOB